000 00724nam a2200241 i 4500
001 125566
003 ES-MaACL
005 20230906192645.0
007 t|
008 070619s1988 fr ||||1| fre d
020 _a2-03-330003-X
080 _a821.124-84(038)
100 1 _aRudder, Orlando de.
_9100482
245 1 0 _aAperto libro
_b: citations et pensées latines /
_cOrlando de Rudder.
260 _aParis :
_bLarousse,
_c[1988]
300 _a302 p. ;
_c22 cm.
490 1 _aLe soufle des mots
500 _aBiblioteca Jacinto Martínez Lacalle.
650 4 _aCitas latinas-
_vDiccionarios.
_911063
830 0 _aLe soufle des mots
_9219052
852 _aES-MaACL
_jE-11724
_bR.139723
999 _c125566
_d125566